Pochette en fonction de l'artiste - Statistiques

Statistiques générales
  • Ce quiz a été pris 46 fois
  • Le résultat moyen est 9 sur 10
Statistiques - réponses
Question Réponse % Correct
PLK
98%
Jul
98%
Hamza
98%
Orelsan
93%
Booba
90%
The Beatles
90%
Sch
90%
Damso
88%
La fouine
74%
Kaaris
69%
Aucun quiz correspondant
Distribution des résultats
% des personnes avec chaque résultat
Percentile par nombre de réponses
Votre historique - résultats
Vous n’avez pas pris ce quiz